Из дневника заместителя наркома иностранных дел СССР В. П. Потемкина - запись беседы с послом США в СССР Л. Штейнгардтом о войне...

RUSMARC
00004011cbm0a2200289#x 450
0011b565d71-28b0-4e61-bc33-8ac40cdc978d
00520210830155801.0
100##$a20210830j19400221k###0rusy50 ca
1010#$arus
102##$aRU
105##$ay###z########
1220#$ad19400221##
2001#$aИз дневника заместителя наркома иностранных дел СССР В. П. Потемкина - запись беседы с послом США в СССР Л. Штейнгардтом о войне в Европе и отношении США к ее участникам
$j[21 февраля 1940 г.]
251##$cДокумент
300##$aЗаверенная копия
461#0$12001
$aФ. 129
$1251
$cФонд
$1852
$j129
462#0$12001
$aОп. 24. П. 138а
$1251
$cОпись
$1852
$j24. П. 138а
462#0$12001
$aД. 2
$vЛ. 4-7
$1251
$cДело
$1852
$j2
605##$2prlib_sh
$3LIBNET\UAF\0000088514
$aВторая мировая война в архивных документах (Комплекс оцифрованных архивных документов, кино- и фотоматериалов)
$lколлекция
617##$2prlib_sh
$aСССР
$f1940
617##$2prlib_sh
$aСоединенные Штаты Америки
$f1940
801#0$aRU
$bПБ им. Б.Н. Ельцина
$c20210830
801#1$aRU
$bПБ им. Б.Н. Ельцина
$c20210830
$2rusmarc
801#2$aRU
$bПБ им. Б.Н. Ельцина
$c20210830
$2rusmarc
850##$aАрхив внешней политики Российской Федерации
852##$aАВП РФ
$jЛ. 4-7
8564#$nПБ им. Б.Н. Ельцина
$uhttp://readingroom.main.prlib.ru/item.aspx?id_node=n167818848&mode=full
035##$aLIBNET\0001179829
937##$d167818848
$hФедеральное архивное агентство
Формат отображения